00836cam a22002292 450000100060000000300080000600500170001400800410003103500190007204000320009104100080012308200220013110000620015324500580021526000520027330000350032550400370036065000310039794200120042899900170044095201490045711822BD-RjUL20211208235204.0140127s1962 njua b 001 0 eng  a(BD-RjUL)11871 aDLCcDLCdEQOdBD-RjULbeng aeng00a575.016bROS 19641 aRoss, Herbert H.q(Herbert Holdsworth),d1908-197893662312aA synthesis of evolutionary theory /cHerbert H. Ross aEnglewood Cliffs, N.J. :bPrentice-Hall,c1962. axiii, 387 p. :bill. ;c24 cm. aIncludes bibliography and index. 0aEvolution (Biology)935188 2ddccBK c11822d11822 00102ddc40718NFICaRUCLbRUCLcReadingd1967-12-06eParamount Book Cor.g7.95l0o575.016 ROS 1964r2014-01-27 00:00:00tC-1w2014-01-27yBK